An Lạc từng bước chân
Sách được xem như tiếng chuông nhắc nhở ta trở về tiếp xúc với những mầu nhiệm của cuộc sống quanh ta. Sách cũng giúp bạn tìm được niềm vui trong từng phút giây.
Сохранить в:
| Главный автор: | |
|---|---|
| Формат: | |
| Язык: | Undetermined |
| Опубликовано: |
Thành phố Hồ Chí Minh
Tổng hợp Thành phố Hồ Chí Minh
2019
|
| Предметы: | |
| Метки: |
Добавить метку
Нет меток, Требуется 1-ая метка записи!
|
| Thư viện lưu trữ: | Trung tâm Học liệu Trường Đại học Cần Thơ |
|---|
| LEADER | 00887nam a2200205Ia 4500 | ||
|---|---|---|---|
| 001 | CTU_231161 | ||
| 008 | 210402s9999 xx 000 0 und d | ||
| 020 | |c 45000 | ||
| 082 | |a 294.3 | ||
| 082 | |b Th302 | ||
| 100 | |a Thích Nhất Hạnh | ||
| 245 | 3 | |a An Lạc từng bước chân | |
| 245 | 0 | |c Thích Nhất Hạnh ; Chân Nguyện (dịch) | |
| 260 | |a Thành phố Hồ Chí Minh | ||
| 260 | |b Tổng hợp Thành phố Hồ Chí Minh | ||
| 260 | |c 2019 | ||
| 520 | |a Sách được xem như tiếng chuông nhắc nhở ta trở về tiếp xúc với những mầu nhiệm của cuộc sống quanh ta. Sách cũng giúp bạn tìm được niềm vui trong từng phút giây. | ||
| 650 | |a Đạo Phật,Buddhism | ||
| 910 | |b vtbtruc | ||
| 980 | |a Trung tâm Học liệu Trường Đại học Cần Thơ | ||